000 00367 a2200109 4500
001 ART_18734
005 20260410161817.0
008 260409a
245 1 0 _aEl principio de legalidad y los métodos interpretativos
100 1 _aMarum, Elizabeth A.
773 0 _tRevista Juridica de Buenos Aires
_gTestimonio de derecho penal (ene. 2011)
_wREV4315
999 _c22007
_d22007